[Event "Eje Cafetero Region 3rd"]
[Site "Eje Cafetero"]
[Date "2009.03.21"]
[Round "2.23"]
[White "Suarez, Maria Alexandra"]
[Black "Marin Loaiza, Santiago"]
[Result "1-0"]
[WhiteElo "1681"]
[BlackElo "1600"]
[PlyCount "41"]
[EventDate "2009.03.21"]
[EventType "swiss"]
[EventRounds "7"]
[EventCountry "COL"]
[SourceTitle "EXT 2024"]
[Source "ChessBase"]
[SourceDate "2023.10.10"]
[SourceVersion "1"]
[SourceVersionDate "2023.10.10"]
[SourceQuality "1"]

1. g3 e6 2. Bg2 f5 3. d4 Nf6 4. c4 Bb4+ 5. Bd2 Bxd2+ 6. Nxd2 d5 7. Qc2 Nc6 8. e3 0-0 9. Ngf3 Ng4 10. Qb3 Qe7 11. a3 Nf6 12. h3 b6 13. Rc1 Bd7 14. 0-0 Na5 15. Qc2 b5 16. cxd5 exd5 17. Qxc7 b4 18. Ne5 Rac8 19. Qxa5 Be6 20. b3 Rb8 21. axb4 1-0